Регионална библиотека "Любен Каравелов" - Русе

Arkady Plastov (Запис номер 210820)

MARC детайли
000 -Лидер
Контролно поле с фиксирана дължина 02154nkm a2200469 c 4500
003 - Код на организацията, давaща контролен номер
Контролно поле BLK
005 - Дата и час на последна редакция
Контролно поле 20200428155121.0
008 - Елементи от данни с фиксирана дължина
fixed length control field 180412b bul rap|r|||| r0| ||bulo|
010 ## - Наследен системен номер
LC control number KNG00172321000
040 ## - Източник на каталожния запис
Идентификатор на билиотеката - собственик на записа BLK
041 ## - Код за език
Код за езика на текст/звукозапис или на отделно заглавие Английски
Код за езика КДБФ Английски
Други езици Немски
-- Френски
-- Руски
080 ## - УДК
Текстов определител УДК Живопис - художници
УДК код - определител по УДК 75.071.1
УДК определител (47+57)(092)(084)
УДК - код + определител 75.071.1(47+57)(092)(084)
080 ## - УДК
Текстов определител УДК Съветски художник (1893-1972)
УДК код - определител по УДК 929 Пластов, Аркадий Александрович
УДК - код + определител 929 Пластов, Аркадий Александрович
139 ## - Редно поле
Редна дума Arkady Plastov
Авторски знак Пла - П 57
Filing suffix Р 71 А
Feature heading П 57 А
245 10 - Сведения за заглавието
Заглавие Arkady Plastov
Редно поле (дума) comp. and introd. by S. Kuznetsova; Аркадий Александрович Пластов; Серафима Алексеевна Кузнецова.
246 11 - Различни форми на заглавието
Паралелно заглавие Аркадий Пластов
257 ## - Страна на издаване
Страна на създаване/издаване Русия
-- СССР
260 ## - Област на издателските данни
Име на издателя, разпространителя и проч. Aurora
Година на издаване 1974
300 ## - Физическа характеристика
Страници 68 p., 83 p.
Илюстрации и др. ill.
Размери/Мащаб 27 cm
380 ## - Жанр
Жанр Изкуство
490 1# - СЕРИИ (Колекции)
Име на серия Masters of Soviet Painting
500 ## - Общи забележки
Забележка Парал. текст. на фр., нем., рус. ез. - Списък на репрод. - Библиогр. с. 67.
600 14 - Име на лице, използвано като предмет
За него / За нея Пластов, Аркади Александрович
9 (RLIN) 326113
650 #4 - Допълнително описание по предмет – тема
Основно описание – тема или топоним Художници, руски - албуми
9 (RLIN) 351270
650 #4 - Допълнително описание по предмет – тема
Основно описание – тема или топоним Художници, съветски
9 (RLIN) 352577
650 #4 - Допълнително описание по предмет – тема
Основно описание – тема или топоним Пластов, Аркадий Александрович
9 (RLIN) 352600
651 #4 - Допълнително описание по предмет - топоним
Географско понятие Русия
9 (RLIN) 179465
651 #4 - Допълнително описание по предмет - топоним
Географско понятие СССР
9 (RLIN) 179592
653 ## - Ключова дума – ненормативна
Ключова дума Аркадий Пластов
653 ## - Ключова дума – ненормативна
Ключова дума съветски художници
653 ## - Ключова дума – ненормативна
Ключова дума руски художници
653 ## - Ключова дума – ненормативна
Ключова дума албуми
700 1# - Други автори (авторска отговорност)
Лично име Kuznetsova, S.
Автороска отговорност (Описва отношението между автора и произведението) comp. and introd. by
9 (RLIN) 16249
700 1# - Други автори (авторска отговорност)
Лично име Пластов, Аркадий Александрович
9 (RLIN) 352600
700 1# - Други автори (авторска отговорност)
Лично име Кузнецова, Серафима Алексеевна
9 (RLIN) 352601
720 ## - Неконтролирано име
Паралелен автор Авт.-состав. Серафима Алексеевна Кузнецова
Ключова дума за отношение (Описва отношението между автора и произведението) паралелен автор
852 ## - Местоположение
Форматна сигнатура Цб Гр А ІІ 1977
856 4# - Електронен адрес и достъп
Електронен формат pdf - файл
Път до файла /url/
856 4# - Електронен адрес и достъп
Електронен формат pdf - файл
Път до файла /url/
999 ## - СИСТЕМНИ КОНТРОЛНИ НОМЕРА
Koha biblionumber 210820
Koha biblioitemnumber 210820
942 ## - АРТИКУЛИ
Вид на библиотечния материал Графични издания
Скрит в OPAC Не
Периодичен библиозапис Да
944 ## - СЪЗДАВАНЕ И РЕДАКЦИЯ на ЗАПИСА
Създаване/Редакция Създаване
Дата на регистрацията/редакция 27.02.2015
Статус, дата на статуса ф /
Служител, извършил регистрацията/редакцията Камелия_Данева
944 ## - СЪЗДАВАНЕ И РЕДАКЦИЯ на ЗАПИСА
Създаване/Редакция Редакция
Дата на регистрацията/редакция 10.11.2017
Статус, дата на статуса ф /
Служител, извършил регистрацията/редакцията Людмила_Стоянова
999 ## - СИСТЕМНИ КОНТРОЛНИ НОМЕРА
Koha biblioitemnumber 210820
Наличности
Код за отписване Код за изгубен артикул Източник на класификационната схема Код за повреда Коз за рестрикции Код за отдаване Артикулен № Име на библиотеката - собственик Име на библиотеката, в която се намира в момента Статус (Текущо местоположение) Дата на вписване в системата Местоположение - отдел Цена в лева Инвентарен номер Систематично азбучна сигнатура Баркод Номер на екземпляра Цена в евро Служебна бележка Служебен тип на артикула
  Не е изгубен Universal Decimal Classification Не е повреден без рестрикции заемане за дома 362562 Регионална библиотека "Любен Каравелов" Русе Регионална библиотека "Любен Каравелов" Русе Отдел Изкуство - подръчен фонд 1974-01-01 Отдел Изкуство - подръчен фонд 4.67 165647 75(092)/ П 57 А 120000165647 1 2.39 Дост: Pk Вид: Ф N: стар фонд Дата: 01.01.1974 Дата инв: 05.06.2015 Бележки инв: ГрИ2015 Графични издания
Vip Innovations Ltd, Rousse, Bulgaria 2025